Grammar and writing skills for the health professional (Record no. 15711)
[ view plain ]
| 000 -LEADER | |
|---|---|
| fixed length control field | 02113cam a2200529 a 4500 |
| 001 - CONTROL NUMBER | |
| control field | 14085905 |
| 003 - CONTROL NUMBER IDENTIFIER | |
| control field | OSt |
| 005 - DATE AND TIME OF LATEST TRANSACTION | |
| control field | 20140310182749.0 |
| 008 - FIXED-LENGTH DATA ELEMENTS--GENERAL INFORMATION | |
| fixed length control field | 050824s2005 nyu 001 0 eng |
| 010 ## - LIBRARY OF CONGRESS CONTROL NUMBER | |
| LC control number | 2005053885 |
| 020 ## - INTERNATIONAL STANDARD BOOK NUMBER | |
| International Standard Book Number | 9812659412 |
| 035 ## - SYSTEM CONTROL NUMBER | |
| System control number | (OCoLC)ocm61513218 |
| 040 ## - CATALOGING SOURCE | |
| Original cataloging agency | DLC |
| Transcribing agency | DLC |
| Modifying agency | YDX |
| -- | BAKER |
| -- | COU |
| -- | DLC |
| 050 00 - LIBRARY OF CONGRESS CALL NUMBER | |
| Classification number | PE 1116 |
| Item number | .V736 2006 |
| 082 00 - DEWEY DECIMAL CLASSIFICATION NUMBER | |
| Classification number | M 808.042024612 |
| -- | 22 |
| Item number | V71 2006 |
| 100 1# - MAIN ENTRY--PERSONAL NAME | |
| Personal name | Villemaire, Doreen. |
| 245 10 - TITLE STATEMENT | |
| Title | Grammar and writing skills for the health professional |
| Statement of responsibility, etc | Villemarie, Doreen |
| 246 3# - VARYING FORM OF TITLE | |
| Title proper/short title | Grammar & writing skills for the health professional |
| 250 ## - EDITION STATEMENT | |
| Edition statement | 2nd ed. |
| 260 ## - PUBLICATION, DISTRIBUTION, ETC. (IMPRINT) | |
| Place of publication, distribution, etc | Clifton Park, NY |
| Name of publisher, distributor, etc | Delmar/Thomson Learning |
| Date of publication, distribution, etc | c2006 |
| 300 ## - PHYSICAL DESCRIPTION | |
| Extent | xii, 304 p. |
| Dimensions | 28 cm. |
| 500 ## - GENERAL NOTE | |
| General note | Revision of: Grammar and writing skills for the health professional / Lorraine Villemaire, Doreen Villemaire. 2001. |
| 500 ## - GENERAL NOTE | |
| General note | Includes index. |
| 521 ## - TARGET AUDIENCE NOTE | |
| Target audience note | |
| 526 ## - STUDY PROGRAM INFORMATION NOTE | |
| Reading level | 1210L to 1700L |
| 541 ## - IMMEDIATE SOURCE OF ACQUISITION NOTE | |
| -- | 1 |
| 541 ## - IMMEDIATE SOURCE OF ACQUISITION NOTE | |
| -- | 2 |
| 541 ## - IMMEDIATE SOURCE OF ACQUISITION NOTE | |
| -- | 3 |
| 541 ## - IMMEDIATE SOURCE OF ACQUISITION NOTE | |
| -- | 4 |
| 541 ## - IMMEDIATE SOURCE OF ACQUISITION NOTE | |
| -- | 5 |
| 541 ## - IMMEDIATE SOURCE OF ACQUISITION NOTE | |
| -- | 6 |
| 562 ## - COPY AND VERSION IDENTIFICATION NOTE | |
| Number of copies | 6 |
| 650 #0 - SUBJECT ADDED ENTRY--TOPICAL TERM | |
| Topical term or geographic name as entry element | English language |
| General subdivision | Grammar |
| Form subdivision | Problems, exercises, etc. |
| 650 #0 - SUBJECT ADDED ENTRY--TOPICAL TERM | |
| Topical term or geographic name as entry element | English language |
| General subdivision | Rhetoric |
| Form subdivision | Problems, exercises, etc. |
| 650 #0 - SUBJECT ADDED ENTRY--TOPICAL TERM | |
| Topical term or geographic name as entry element | Medical writing |
| Form subdivision | Problems, exercises, etc. |
| 650 12 - SUBJECT ADDED ENTRY--TOPICAL TERM | |
| Topical term or geographic name as entry element | Writing |
| Form subdivision | Problems & Exercises. |
| 650 22 - SUBJECT ADDED ENTRY--TOPICAL TERM | |
| Topical term or geographic name as entry element | Language Arts |
| Form subdivision | Problems & Exercises. |
| 650 22 - SUBJECT ADDED ENTRY--TOPICAL TERM | |
| Topical term or geographic name as entry element | Health Personnel. |
| 700 1# - ADDED ENTRY--PERSONAL NAME | |
| Personal name | Villemaire, Lorraine. |
| 700 1# - ADDED ENTRY--PERSONAL NAME | |
| Personal name | Villemaire, Lorraine. |
| Title of a work | Grammar and writing skills for the health professional. |
| 856 42 - ELECTRONIC LOCATION AND ACCESS | |
| Materials specified | Contributor biographical information |
| Uniform Resource Identifier | <a href="http://www.loc.gov/catdir/enhancements/fy1103/2005053885-b.html">http://www.loc.gov/catdir/enhancements/fy1103/2005053885-b.html</a> |
| 856 42 - ELECTRONIC LOCATION AND ACCESS | |
| Materials specified | Publisher description |
| Uniform Resource Identifier | <a href="http://www.loc.gov/catdir/enhancements/fy1103/2005053885-d.html">http://www.loc.gov/catdir/enhancements/fy1103/2005053885-d.html</a> |
| 856 41 - ELECTRONIC LOCATION AND ACCESS | |
| Materials specified | Table of contents only |
| Uniform Resource Identifier | <a href="http://www.loc.gov/catdir/enhancements/fy1103/2005053885-t.html">http://www.loc.gov/catdir/enhancements/fy1103/2005053885-t.html</a> |
| 906 ## - LOCAL DATA ELEMENT F, LDF (RLIN) | |
| a | 7 |
| b | cbc |
| c | orignew |
| d | 1 |
| e | ocip |
| f | 20 |
| g | y-gencatlg |
| 942 ## - ADDED ENTRY ELEMENTS (KOHA) | |
| Source of classification or shelving scheme | Library of Congress Classification |
| Koha item type | Books |
| Call number prefix | |
| Withdrawn status | Lost status | Source of classification or shelving scheme | Damaged status | Home library | Current library | Shelving location | Date acquired | Source of acquisition | Total Checkouts | Full call number | Barcode | Date last seen | Copy number | Price effective from | Koha item type |
|---|---|---|---|---|---|---|---|---|---|---|---|---|---|---|---|
| Library of Congress Classification | Archives | Archives | 07/09/2012 | Donation | PE 1116 .V736 2006 | C7112 | 05/15/2018 | 6 | 07/09/2012 | Books | |||||
| Library of Congress Classification | Archives | Archives | 05/22/2013 | Donation | PE 1116 .V736 2006 | C7108 | 05/15/2018 | 2 | 05/22/2013 | Books | |||||
| Library of Congress Classification | Archives | Archives | 05/22/2013 | Donation | PE 1116 .V736 2006 | C7111 | 05/15/2018 | 5 | 05/22/2013 | Books | |||||
| Library of Congress Classification | College Library | College Library | General Circulation Section | 05/22/2013 | PE 1116 .V736 2006 | c7107 | 05/15/2018 | 1 | 05/22/2013 | Books | |||||
| Library of Congress Classification | College Library | College Library | General Circulation Section | 05/22/2013 | PE 1116 .V736 2006 | c7109 | 05/15/2018 | 3 | 05/22/2013 | Books | |||||
| Library of Congress Classification | College Library | College Library | General Circulation Section | 05/22/2013 | PE 1116 .V736 2006 | c7110 | 05/15/2018 | 4 | 05/22/2013 | Books |